[Event "El Prat de Llobregat op-B 1st"]
[Site "El Prat de Llobregat"]
[Date "2019.12.09"]
[Round "7"]
[White "Viguera Garcia, Ferran"]
[Black "Koch, Arno"]
[Result "1-0"]
[WhiteElo "1971"]
[BlackElo "1755"]
[PlyCount "93"]
[EventDate "2019.12.03"]
[EventType "swiss"]
[EventRounds "9"]
[EventCountry "ESP"]
[SourceTitle "CBM 193 Extra"]
[Source "ChessBase"]
[SourceDate "2020.01.31"]
[SourceVersion "1"]
[SourceVersionDate "2020.01.31"]
[SourceQuality "1"]

1. e4 d6 2. d4 g6 3. f4 Bg7 4. Nf3 Nd7 5. c3 e6 6. Bd3 Ne7 7. Be3 b6 8. Nbd2 Bb7 9. h4 Nf6 10. e5 Ng4 11. Bg1 h5 12. Qc2 Nd5 13. g3 Qd7 14. Ke2 dxe5 15. dxe5 Ne7 16. Be4 Bxe4 17. Nxe4 0-0 18. Nh2 Nh6 19. Bf2 Rad8 20. Rad1 Qc8 21. Rxd8 Rxd8 22. Rd1 Rd7 23. c4 Qd8 24. b3 Nef5 25. Rxd7 Qxd7 26. Qd3 Qxd3+ 27. Kxd3 Kf8 28. c5 Ne7 29. Kc4 Ke8 30. Nf3 Kd7 31. b4 Ng4 32. Bd4 Nf5 33. Kb5 Nxd4+ 34. Nxd4 f6 35. exf6 Nxf6 36. Ng5 Ne4 37. Ndxe6 Nxg5 38. Nxg5 bxc5 39. Kxc5 Bf8+ 40. Kc4 Ke7 41. Nf3 a6 42. a4 Ke6 43. Nd4+ Kd6 44. b5 Bg7 45. bxa6 Bxd4 46. Kxd4 Kc6 47. a5 1-0

[Event "El Prat de Llobregat op-B 1st"]
[Site "El Prat de Llobregat"]
[Date "2019.12.03"]
[Round "1"]
[White "Anjali, R Sagar"]
[Black "Viguera Garcia, Ferran"]
[Result "1-0"]
[WhiteElo "1694"]
[BlackElo "1971"]
[PlyCount "47"]
[EventDate "2019.12.03"]
[EventType "swiss"]
[EventRounds "9"]
[EventCountry "ESP"]
[SourceTitle "CBM 193 Extra"]
[Source "ChessBase"]
[SourceDate "2020.01.31"]
[SourceVersion "1"]
[SourceVersionDate "2020.01.31"]
[SourceQuality "1"]

1. e4 d5 2. exd5 Qxd5 3. Nc3 Qd6 4. Nf3 Bg4 5. Be2 Nf6 6. 0-0 c6 7. d3 Nbd7 8. Be3 e6 9. Ne4 Nxe4 10. dxe4 Qc7 11. Nd4 Bxe2 12. Qxe2 g6 13. Qg4 Bg7 14. Rad1 0-0-0 15. Bg5 Rde8 16. c3 f5 17. exf5 exf5 18. Qf3 Re4 19. Rfe1 Bxd4 20. cxd4 Rhe8 21. Rxe4 Rxe4 22. Qb3 Qa5 23. Qg8+ Kc7 24. Bd8+ 1-0

[Event "Barcelona Canovelles U2200 op"]
[Site "Barcelona"]
[Date "2018.12.30"]
[Round "7.6"]
[White "Sanchez Aguilar, Arnau"]
[Black "Viguera Garcia, Ferran"]
[Result "0-1"]
[WhiteElo "1482"]
[BlackElo "2005"]
[PlyCount "122"]
[EventDate "2018.12.27"]
[EventType "swiss"]
[EventRounds "8"]
[EventCountry "ESP"]
[SourceTitle "EXT 2024"]
[Source "ChessBase"]
[SourceDate "2023.10.10"]
[SourceVersion "1"]
[SourceVersionDate "2023.10.10"]
[SourceQuality "1"]

1. e4 c6 2. d4 d5 3. Nc3 dxe4 4. Nxe4 Bf5 5. Ng3 Bg6 6. Nf3 e6 7. Bd3 Bd6 8. 0-0 Nd7 9. b3 Ngf6 10. c4 Qc7 11. c5 Bf4 12. Bxf4 Qxf4 13. Bb1 0-0-0 14. Qd2 Qxd2 15. Nxd2 Nxc5 16. Nf3 Bxb1 17. Raxb1 Nce4 18. Nxe4 Nxe4 19. Rfe1 Nd6 20. Rbc1 Rhe8 21. a4 f6 22. b4 a6 23. g4 Rd7 24. Re2 Rde7 25. Rb2 Kb8 26. Re2 Kc7 27. Rce1 Kd7 28. Rd1 a5 29. bxa5 Ra8 30. Ne5+ Kc7 31. Nd3 Rxa5 32. Nc5 e5 33. dxe5 fxe5 34. Ne4 Nf7 35. Nc3 Rd7 36. Rxd7+ Kxd7 37. h4 Rc5 38. Re3 Nd6 39. Rd3 Rc4 40. f3 Ke6 41. Kf2 h5 42. gxh5 Rxh4 43. Re3 Rxh5 44. Ne2 Rh2+ 45. Kg1 Rh4 46. f4 e4 47. Ng3 Kd5 48. Ne2 Rg4+ 49. Kf2 b5 50. Nc3+ Kc4 51. a5 b4 52. a6 bxc3 53. a7 Rxf4+ 54. Ke2 Rf8 55. Kd1 Ra8 56. Kc2 Nb5 57. Rxe4+ Nd4+ 58. Kc1 Rxa7 59. Rxd4+ Kxd4 60. Kc2 Rb7 61. Kd1 g5 0-1